LEADER 01065nam0 2200265 i 450 001 VAN00071865 005 20240806100554.838 010 $a978-90-7729-747-6 100 $a20091013d2008 |0itac50 ba 101 $afre 102 $aBE 105 $a|||| ||||| 200 1 $aˆLes ‰principaux trésors monétaires romains$e(3. siècle avant J.-C - 5. siècle après J.-C. / Georges Depeyrot 210 $aWetteren$cMoneta$d2008 215 $a144 p.$d30 cm. 410 1$1001VAN00071864$12001 $aMoneta$1210 $aWetteren$cMoneta.$v79 620 $dWetteren$3VANL001382 700 1$aDepeyrot$bGeorges$3VANV056764$0140674 712 $aMoneta$3VANV113020$4650 801 $aIT$bSOL$c20240906$gRICA 899 $aBIBLIOTECA DEL DIPARTIMENTO DI LETTERE E BENI CULTURALI$1IT-CE0103$2VAN07 912 $aVAN00071865 950 $aBIBLIOTECA DEL DIPARTIMENTO DI LETTERE E BENI CULTURALI$d07CONS Wa 545 $e07 19135 20091013 996 $aPrincipaux trésors monétaires romains$91414751 997 $aUNICAMPANIA